| 000 | 00752nas a2200253 4500 | ||
|---|---|---|---|
| 001 | BR2015001324 | ||
| 003 | BR-BrBNA | ||
| 005 | 20231205125053.0 | ||
| 007 | ta | ||
| 008 | 230509b bl.|||p| |||| 00| 00por d | ||
| 040 |
_aBR-BrBNA _bpor _cBiblioteca Nacional de Agricultura |
||
| 041 | _a(Pt) | ||
| 072 | _aQ03 | ||
| 100 | 1 | _aBarros, A.P.C. | |
| 100 | 1 | _aFernandez, A.T. | |
| 245 | 1 | _aImportância do teor de histamina sobre a qualidade do pescado | |
| 650 | _aPEIXE | ||
| 650 | _aHISTAMINA | ||
| 650 | _aINTOXICAÇÃO | ||
| 650 | _aSEGURANÇA ALIMENTAR | ||
| 773 | 0 |
_tHigiene Alimentar (Brazil) _xISSN 0101-9171 _g(Jul-Aug 2014), v. 28(234-235) p. 53-58 _wBR2015001324 |
|
| 909 |
_a202311 _bLúcia _c55 _dLúcia Elande |
||
| 942 |
_2AGRIS _n0 _cANA |
||
| 999 |
_c242458 _d242458 |
||